Statistiques concernant Les préfectures des départements de la région Normandie

Cliquez ici pour prendre le quiz!

Statistiques générales

  • Ce quiz a été pris 104 fois
  • Le résultat moyen est 4 sur 5

Statistiques - réponses

Département76Préfecture% Correct
76Rouen
97%
14Caen
96%
50Saint-Lô
86%
27Evreux
80%
61Alençon
73%

Distribution des résultats

Percentile par nombre de réponses

% des personnes avec chaque résultat

Votre développement - résultats

Vous n’avez pas pris ce quiz